What Movie? Back to the Camera V Quiz Stats

 Plays Quiz Updated Jun 28, 2016

Challenge
Share
Tweet
Score 0/25 Timer 08:00
50 Plays Today
% Correct
Thor
95.6%
Pirates of the Caribbean: The Curse of the Black Pearl
91.7%
Cool Runnings
81.8%
Inception
80.8%
The Pursuit of Happyness
73.6%
Magic Mike
67.1%
Taxi Driver
58.6%
Terminator 2: Judgment Day
56.1%
Her
56.1%
Trainspotting
55%
Corpse Bride
54.1%
Schindler's List
54%
The Mummy
52.9%
% Correct
Watchmen
45%
The Village
42.4%
Red Dragon
40.7%
Looper
38.8%
Pacific Rim
35.4%
Deep Impact
35%
High Noon
31.3%
Oblivion
30.5%
The Beach
30.1%
Slumdog Millionaire
26%
The Proposal
25.5%
The Island
19.5%

You're not logged in!

Compare scores with friends on all Sporcle quizzes.
OR
Log In

You Might Also Like...

Show Comments

Extras

Top Quizzes Today


Score Distribution

Your Account Isn't Verified!

In order to create a playlist on Sporcle, you need to verify the email address you used during registration. Go to your Sporcle Settings to finish the process.

Report this User

Report this user for behavior that violates our Community Guidelines.

Details: